Władcy Polski PYTANIA - Statystyki

Ogólne statystyki
  • Ten quiz został rozwiązany 107 razy
  • Średni wynik to 6 z 8
Statystyki odpowiedzi
Zagadnienie Odpowiedź % Poprawnych
Pod kogo dowództwem 12 września 1683 rozegrała się wielka bitwa pod Wiedniem? Jan III Sobieski
100%
Czy August II Mocny był królem Polski? Tak
100%
Który z wymienionych nigdy nie był królem? Bezprym
89%
Kto poślubił Annę Jagiellonkę? Stefan Batory
89%
Zaznacz okres panowania Stefana Batorego. 1576 – 1586
79%
Kto był najdłużej żyjącym królem Polski? Stanisław Leszczyński
74%
Który z tych herbów należał do Władysława II Jagiełło?
63%
Z Bożej łaski król Polski, ziemi krakowskiej, sandomierskiej, łęczyckiej, sieradzkiej, Kujaw, wielki książę Litwy, pan i dziedzic Rusi, Prus, Chełmna, Elbląga i Pomorza, książę mazowiecki. Kogo opisuje ten opis? Zygmunt I Stary
53%
Nie znaleziono quizów pasujących do podanych kryteriów
Rozkład punktacji
Procent ludzi z każdym wynikiem
Percentyl według liczby udzielonych odpowiedzi
Twoja historia wyników
Nie rozwiązałeś tego quizu